000 00791nam a22002297a 4500
005 20151009112118.0
010 _aENG-114076
020 _c475.00
_a9789351502838
035 _aEN-97608
037 _bDBAD/PUB
082 _a150287
100 _aMiller, Leslie A.
245 _aPsychological testing :
_cby Leslie A. Miller , Robert L. Lovler [and] Sandra A. Mclntire
_ba practical approach /
250 _a4th ed
260 _aNew Delhi
_bSAGE Publications
_c2015
270 _aB1/I-1 Mohan Cooperative Industrial Area Mathura Road
_bNew Delhi
_e110044
300 _avarious pagings :
_c25cm(pbk)
_bill.
500 _aIncludes bibliographical references and index
700 _aLovler, Robert L.
700 _aMclntire, Sandra A.
942 _2ddc
_cEN
_mMIL
_h150.287
999 _c97015
_d97015